|
|
|
|
| LEADER |
01308nam a2200385 4500 |
| 001 |
000007940 |
| 003 |
4117 |
| 005 |
20111013091048.0 |
| 008 |
111013s1987 viesd |
| 020 |
|
|
|c 30đ
|
| 041 |
0 |
|
|a vie
|
| 082 |
|
|
|a 515.9
|b MA-A
|
| 100 |
0 |
|
|a A.I MAKKUSEVITS
|e Tác giả
|
| 242 |
|
|
|a Số phức và ánh xạ bảo giác
|
| 245 |
|
0 |
|a Số phức và ánh xạ bảo giác
|c A.I MAKKUSEVITS
|
| 260 |
|
|
|a H.
|b Nxb khoa học và kĩ thuật
|c 1987
|
| 300 |
|
|
|a 66tr
|c 19 cm
|
| 600 |
|
|
|a A.I MAKKUSEVITS
|
| 700 |
|
|
|a Nguyễn Văn Giang
|e Người dịch
|
| 700 |
|
|
|a Nguyễn Thủy Liêu
|e Người dịch
|
| 700 |
|
|
|a Đỗ Đức ứng
|e Biên tập
|
| 700 |
|
|
|a Thụy vũ
|e trình bày
|
| 700 |
|
|
|a Quang Ngọc
|e Sửa bản in
|
| 700 |
|
|
|a Đào Đức Khôi
|e Vẽ bìa
|
| 910 |
|
|
|a Thương
|d 13/10/2011
|
| OWN |
|
|
|a LSP
|
| AVA |
|
|
|a UDN50
|b LSP
|d 515.9 MA-A
|e unavailable
|t Error 5002 Not defined in file expand_doc_bib_avail.
|f 2
|g 2
|h N
|i 0
|k 1
|
| 999 |
|
|
|a From the UDN01
|
| AVA |
|
|
|a UDN50
|b LSP
|d 515.9 MA-A
|e unavailable
|t Error 5002 Not defined in file expand_doc_bib_avail.
|f 2
|g 2
|h N
|i 0
|k 1
|
| TYP |
|
|
|a Monograph
|
| TYP |
|
|
|a Printed language
|
| 980 |
|
|
|a Mạng thư viện Đại học Đà Nẵng
|